| 000 | 00512nam a2200205Ia 4500 | ||
|---|---|---|---|
| 001 | 20401 | ||
| 003 | GE_BSU | ||
| 008 | 181216s||||||||xx |||||||||||||| ||und|| | ||
| 040 | _cGE_BSU | ||
| 245 | 4 | _aThe Economist, April 1th-7th 2017. #9034 | |
| 245 | _bVolume 423 | ||
| 260 | _aParis | ||
| 260 | _c2017 | ||
| 300 | _a78 p. 27cm. ill. | ||
| 653 | _aThe Economist, April 1th-7th 2017. #9034 | ||
| 653 | _aVolume 423 | ||
| 653 | _aПериодика | ||
| 653 | _aპერიოდიკა | ||
| 942 | _cCR | ||
| 999 |
_c53358 _d53358 |
||